Preschool children with special needs : children at-risk, children with disabilities /
This book is divided into four parts: Overview; Assessment, Learning Environments, and Curricula; Intervention; and Special Issues.
Spremljeno u:
| Glavni autor: | |
|---|---|
| Daljnji autori: | , |
| Format: | Knjiga |
| Jezik: | English |
| Izdano: |
Boston :
Allyn and Bacon,
1998.
|
| Teme: | |
| Oznake: |
Dodaj oznaku
Bez oznaka, Budi prvi tko označuje ovaj zapis!
|
| Thư viện lưu trữ: | Mạng thư viện Đại học Đà Nẵng |
|---|
| LEADER | 01279cam a2200385 i 4500 | ||
|---|---|---|---|
| 001 | 000047585 | ||
| 003 | 7275 | ||
| 005 | 20030312163632.0 | ||
| 008 | 010319|1998 vm 000 eng | ||
| 020 | |a 0205267351 | ||
| 040 | |a IRC |c IRC |d IRC | ||
| 041 | 0 | |a eng | |
| 082 | 1 | 4 | |a 362.4048083 |b LE-J |
| 100 | 1 | |a Lerner, Janet W. | |
| 245 | 0 | 0 | |a Preschool children with special needs : |b children at-risk, children with disabilities / |c Janet W. Lerner, Barbara Lowenthal, Rosemary Egan. |
| 260 | |a Boston : |b Allyn and Bacon, |c 1998. | ||
| 300 | |a x. 374 p. : |b ill. ; |c 23.5cm. | ||
| 520 | 3 | |a This book is divided into four parts: Overview; Assessment, Learning Environments, and Curricula; Intervention; and Special Issues. | |
| 630 | 0 | 4 | |a Handicapped children. |
| 650 | 0 | 4 | |a Handicapped children |x Services for. |
| 650 | 0 | 4 | |a Handicapped children |x Education (Preschool) |
| 650 | 0 | 4 | |a Handicapped children |x Development. |
| 650 | 0 | 4 | |a Preschool children |x Services for. |
| 700 | 1 | |a Lowenthal, Barbara. | |
| 700 | 1 | |a Egan, Rosemary. | |
| OWN | |a DUT | ||
| 999 | |a From the UDN01 | ||
| TYP | |a Monograph | ||
| TYP | |a Printed language | ||
| 980 | |a Mạng thư viện Đại học Đà Nẵng | ||


